书目信息 |
| 题名: |
丰田四十年的历程
|
|
| 作者: | 山本直 著 ;周宝廉 , 傅春寰 译 | |
| 分册: | ||
| 出版信息: | 天津 天津人民出版社 1981 |
|
| 页数: | 226页 | |
| 开本: | 19cm | |
| 丛书名: | ||
| 单 册: | ||
| 中图分类: | F431.364 | |
| 科图分类: | ||
| 主题词: | ||
| 电子资源: | ||
| ISBN: | ||
| 000 | 00758nam0 2200265 45 | |
| 001 | 0181007172 | |
| 005 | 20040430145131.3 | |
| 010 | @dCNY0.53 | |
| 091 | @a4072.33 | |
| 100 | @a19950615d1981 em y0chiy0121 ea | |
| 101 | 1 | @achi@cjpn |
| 102 | @aCN@b120000 | |
| 105 | @ay z 000yy | |
| 106 | @ar | |
| 200 | 10 | @a丰田四十年的历程@Afeng tian si shi nian de li cheng@f(日)山本直著@g周宝廉,傅春寰译 |
| 210 | @a天津@c天津人民出版社@d1981 | |
| 215 | @a226页@c照片@d19cm | |
| 601 | 02 | @a丰田汽车公司@x历史 |
| 690 | @aF431.364@v3 | |
| 701 | 0 | @a山本直@Ashan ben zhi@4著 |
| 702 | 0 | @a周宝廉@Azhou bao lian@4译 |
| 702 | 0 | @a傅春寰@Afu chun huan@4译 |
| 801 | 0 | @aCN@b上海图书馆@c20040430 |
| 801 | 2 | @aCN@bNLC@c20040430 |
| 905 | @f1@b213036@dF431.364@e14 | |
| 丰田四十年的历程/(日)山本直著/周宝廉,傅春寰译.-天津:天津人民出版社,1981 |
| 226页:照片;19cm |
| ISBN :CNY0.53 |
| ● |
| 相关链接 |
|
|
|
|
正题名:丰田四十年的历程
索取号:F431.364/14
 
预约/预借
| 序号 | 登录号 | 条形码 | 馆藏地/架位号 | 状态 | 备注 |
| 1 | 0213036 | 000487654 | 第一借阅区/ [索取号:F431.364/14] | 在馆 | |
| 2 | 0213037 | 000487663 | 第一样本阅览室/ [索取号:F431.364/14] | 在馆 |